01282cam a22003014a 45000010009000000050017000090080041000260100017000670200025000840400018001090420008001270500022001350820018001571000020001752450098001952600043002933000033003365050313003696500027006826500031007096500027007406500047007676500039008146500050008536500029009036500020009327000028009521627507120170731103454.0100609s2010 nyua 000 0 eng  a 2010023886 a9780230222502 (pbk.) aDLCcDLCdDLC apcc00aZA3075b.G75 201000a001.4,GRI2221 aGrix, Jonathan.10aInformation skills :bfinding and using the right resources /cJonathan Grix, Gerald Watkins. aNew York :bPalgrave Macmillan,c2010. avi, 163 p. :bill. ;c22 cm.8 aIntroduction (Page-1), Back to Basics-Understanding and Categorizing Research Material (Page-7), The Literature Review (Page-27), Online Resources Provided by Libraries and the Academic Community (Page-51), Going it Alone on the Internet (Page-87), Referencing and Plagiarism (Page-104), Glossary (Page-131). 0aResearchxMethodology. 0aSocial sciencesxResearch. 0aInformation retrieval. 0aElectronic information resource searching. 0aInformation resourcesxEvaluation. 0aElectronic information resourcesxEvaluation. 0aDissertations, Academic. 0aReport writing.1 aWatkins, Gerald,d1954-